| 000 | 01044nam a22002895a 4500 | ||
|---|---|---|---|
| 005 | 20160222113617.0 | ||
| 008 | 160222r20141999ii a frbd 001 0 eng d | ||
| 020 | _a9788123906355 | ||
| 040 |
_aEG-ScBUE _beng _cEG-ScBUE _dEG-ScBUE |
||
| 082 | 0 | 4 |
_222 _a615.1901 _bIDE |
| 245 | 0 | 0 |
_aIdentification of drugs in pharmaceutical formulations by thin layer chromatography / _ceditor P. D. Sethi ; associate editor Dilip Charegaonkar. |
| 250 | _a2nd ed., Reprint ed. | ||
| 260 |
_aNew Delhi : _bCBS Publisher & Distributors Pvt., _c2014. |
||
| 300 |
_axvi, 253 p. : _bill. ; _c24 cm. |
||
| 500 | _aGlossary : p. 243-246. | ||
| 500 | _aIndex : p. 251-253. | ||
| 500 | _aReprinted of the 1999 ed. | ||
| 504 | _aIncludes bibliographical references. | ||
| 650 | 0 |
_2BUEsh _aDrugs _xAnalysis. |
|
| 650 | 0 |
_2BUEsh _aChromatographic analysis. _96886 |
|
| 650 | 0 |
_2BUEsh _aThin layer chromatography. |
|
| 651 | _2BUEsh | ||
| 653 |
_bPPhrm _cFebruary2016 |
||
| 700 | 1 |
_aSethi, P. D., _eeditor. |
|
| 700 | 1 |
_aCharegaonkar, Dilip, _eeditor. |
|
| 942 | _2ddc | ||
| 999 |
_c21206 _d21178 |
||